Engineering mathematics. (Record no. 21935)
[ view plain ]
| 000 -LEADER | |
|---|---|
| fixed length control field | 00848nam a22002655a 4500 |
| 005 - DATE AND TIME OF LATEST TRANSACTION | |
| control field | 20160620134219.0 |
| 008 - FIXED-LENGTH DATA ELEMENTS--GENERAL INFORMATION | |
| fixed length control field | 160620s2014 ii a fr 000 0 eng d |
| 020 ## - INTERNATIONAL STANDARD BOOK NUMBER | |
| International Standard Book Number | 9788122435948 |
| 040 ## - CATALOGING SOURCE | |
| Original cataloging agency | EG-ScBUE |
| Language of cataloging | eng |
| Transcribing agency | EG-ScBUE |
| Modifying agency | EG-ScBUE |
| 082 04 - DEWEY DECIMAL CLASSIFICATION NUMBER | |
| Classification number | 620.00151 |
| Item number | GUP |
| Edition number | 22 |
| 100 1# - MAIN ENTRY--PERSONAL NAME | |
| Personal name | Gupta, C. B. |
| 9 (RLIN) | 40280 |
| 245 10 - TITLE STATEMENT | |
| Title | Engineering mathematics. |
| Number of part/section of a work | II / |
| Statement of responsibility, etc | C. B. Gupta, A. K. Malik, P. K. Dwivedi. |
| 246 3# - VARYING FORM OF TITLE | |
| Title proper/short title | Engineering mathematics-II |
| 250 ## - EDITION STATEMENT | |
| Edition statement | 2nd ed. |
| 260 ## - PUBLICATION, DISTRIBUTION, ETC. (IMPRINT) | |
| Place of publication, distribution, etc | New Delhi : |
| Name of publisher, distributor, etc | New Age International Publishers, |
| Date of publication, distribution, etc | 2014. |
| 300 ## - PHYSICAL DESCRIPTION | |
| Extent | xiv, 316 p. : |
| Other physical details | ill. ; |
| Dimensions | 25 cm. |
| 490 0# - Series Statement | |
| Series statement | New age. |
| 521 ## - TARGET AUDIENCE NOTE | |
| Target audience note | B. Tech (II semester) as per RTU and other universities. |
| 650 #7 - SUBJECT ADDED ENTRY--TOPICAL TERM | |
| Source of heading or term | BUEsh |
| 9 (RLIN) | 3194 |
| Topical term or geographic name as entry element | Engineering mathematics. |
| 651 ## - SUBJECT ADDED ENTRY--GEOGRAPHIC NAME | |
| Source of heading or term | BUEsh |
| 653 ## - INDEX TERM--UNCONTROLLED | |
| Resource For college | Engineering, General |
| Arrived date list | June2016 |
| 700 1# - ADDED ENTRY--PERSONAL NAME | |
| Personal name | Malik, A. K. |
| 700 1# - ADDED ENTRY--PERSONAL NAME | |
| Personal name | Dwivedi, P. K. |
| 942 ## - ADDED ENTRY ELEMENTS (KOHA) | |
| Source of classification or shelving scheme | Dewey Decimal Classification |
| Withdrawn status | Item status | Source of classification or shelving scheme | Damaged status | Not for loan | Vendor | Home library | Current library | Shelving location | Date acquired | Source of acquisition | Cost, normal purchase price | Serial Enumeration / chronology | Total Checkouts | Total Renewals | Full call number | Barcode | Date last seen | Date last borrowed | Cost, replacement price | Koha item type |
|---|---|---|---|---|---|---|---|---|---|---|---|---|---|---|---|---|---|---|---|---|
| Dewey Decimal Classification | Baccah | Central Library | Central Library | First floor | 20/06/2016 | Purchase | 133.00 | 25845 | 1 | 9 | 620.00151 GUP | 000032700 | 15/07/2025 | 21/06/2016 | 166.25 | Book - Borrowing |